000 00407nam a2200157Ia 4500
008 240729s9999 xx 000 0 und d
022 _a2299-3231
245 0 _aTopological Algebra and its Applications
260 _aPoland
260 _bDe Gruyter
650 _a Mathematics
650 _aScience
856 _uhttps://doaj.org/toc/72edfeeffbee41cdad2787654ebe0118
942 _2ddc
942 _cDOAJEJ
999 _c70602
_d70602
945 _a1
_bMadushi Gamage
_c1
_dMadushi Gamage